| 000 | 005600000a22001810004500 | ||
|---|---|---|---|
| 003 | MACL | ||
| 005 | 20160331124253.0 | ||
| 008 | 160331b xxu||||| |||| 00| 0 eng d | ||
| 040 |
_aMACL _cMACL |
||
| 041 | _aHindi | ||
| 082 | _a200 | ||
| 100 |
_aभादुडी जलज _949200 |
||
| 245 | _aधर्म दर्शन संस्कृति और आदर्श जीवन | ||
| 260 |
_aइलाहाबाद _bअर्पित प्रकाशन _c2011 |
||
| 350 | _a150 | ||
| 650 |
_aReligion _949202 |
||
| 942 |
_cHIN _k200 _2ddc |
||
| 999 |
_c47052 _d47052 |
||